Derecho de familia

Guardado en:
Detalles Bibliográficos
Autor principal: Quintana Villar, María Soledad (autora)
Formato: Libro
Lenguaje:español
Publicado: Valparaíso Ediciones Universitarias de Valparaíso 2015
Edición:2a. ed
Materias:
Etiquetas: Agregar Etiqueta
Sin Etiquetas, Sea el primero en etiquetar este registro!

MARC

LEADER 00000cam a2200000 a 4500
001 UCE8941
003 CL-VaPUC
008 150911e20150000cl |||||||||||||||||spa|d
020 |a 9789561706460 
082 0 4 |a 346.83015  |b QUI  |2 21 
100 |a Quintana Villar, María Soledad  |e autora  |9 820460 
245 1 0 |a Derecho de familia 
250 |a 2a. ed 
300 |a 526 p 
942 |c BK 
945 |d 20150911 12:29:00  |a dcastane 
260 |a Valparaíso  |b Ediciones Universitarias de Valparaíso  |c 2015 
650 0 |a Derecho de familia  |9 255603 
650 7 |a MATRIMONIO  |2 CL-VaPUC  |9 581657 
650 0 |a Familias   |9 255641 
650 0 |a Sociedad conyugal   |9 357527 
583 |a last modification  |c 20150911 12:29:00  |k Rodrigo Vera 
999 |c 360698  |d 360696 
952 |0 0  |1 0  |3 erb  |4 0  |6 346_830150000000000_QUI_2015  |7 0  |8 R  |9 470587  |a BIBGIM  |b BIBGIM  |i 5198887  |o 346.83015 QUI 2015  |p 5198887  |r 2025-01-15  |w 2019-11-23  |y BK_R  |z Catalogado en:20150911  |k SSL 
952 |0 0  |1 0  |3 erb  |4 0  |6 346_830150000000000_QUI_2015  |7 0  |8 R  |9 470588  |a BIBGIM  |b BIBGIM  |i 5198895  |o 346.83015 QUI 2015  |p 5198895  |r 2025-01-15  |w 2019-11-23  |y BK_R  |z Catalogado en:20150911  |k SSL 
952 |0 0  |1 0  |3 erb  |4 0  |6 346_830150000000000_QUI_2015  |7 0  |8 R  |9 470589  |a BIBGIM  |b BIBGIM  |i 5198909  |o 346.83015 QUI 2015  |p 5198909  |r 2025-01-15  |w 2019-11-23  |y BK_R  |z Catalogado en:20150911  |k SSL 
952 |0 0  |1 0  |3 erb  |4 0  |6 346_830150000000000_QUI_2015  |7 0  |8 R  |9 470590  |a BIBGIM  |b BIBGIM  |i 5198917  |o 346.83015 QUI 2015  |p 5198917  |r 2025-01-15  |w 2019-11-23  |y BK_R  |z Catalogado en:20150911  |k SSL 
952 |0 0  |1 0  |3 erb  |4 0  |6 346_830150000000000_QUI_2015  |7 0  |8 R  |9 470591  |a BIBGIM  |b BIBGIM  |i 5198925  |o 346.83015 QUI 2015  |p 5198925  |r 2025-01-15  |w 2019-11-23  |y BK_R  |z Catalogado en:20150911  |k SSL 
952 |0 0  |1 0  |3 erb  |4 0  |6 346_830150000000000_QUI_2015  |7 0  |8 R  |9 470592  |a BIBGIM  |b BIBGIM  |i 5198933  |o 346.83015 QUI 2015  |p 5198933  |r 2025-01-15  |w 2019-11-23  |y BK_R  |z Catalogado en:20150911  |k SSL 
952 |0 0  |1 0  |3 erb  |4 0  |6 346_830150000000000_QUI_2015  |7 0  |8 R  |9 470593  |a BIBGIM  |b BIBGIM  |i 5198941  |o 346.83015 QUI 2015  |p 5198941  |r 2025-01-15  |w 2019-11-23  |y BK_R  |z Catalogado en:20150911  |k SSL 
952 |0 0  |1 0  |2 ddc  |3 erb  |4 0  |6 346_830150000000000_QUI_2015  |7 0  |8 R  |9 470594  |a BIBGIM  |b BIBGIM  |i 519895K  |l 2  |o 346.83015 QUI 2015  |p 519895K  |r 2025-01-15  |s 2021-01-12  |w 2019-11-23  |y BK_R  |z Catalogado en:20150911  |k SSL 
952 |0 0  |1 0  |3 erb  |4 0  |6 346_830150000000000_QUI_2015  |7 0  |8 R  |9 470595  |a BIBGIM  |b BIBGIM  |i 5198968  |o 346.83015 QUI 2015  |p 5198968  |r 2025-01-15  |w 2019-11-23  |y BK_R  |z Catalogado en:20150911  |k SSL 
952 |0 0  |1 0  |3 erb  |4 0  |6 346_830150000000000_QUI_2015  |7 0  |8 R  |9 470596  |a BIBGIM  |b BIBGIM  |i 5198976  |o 346.83015 QUI 2015  |p 5198976  |r 2025-01-15  |w 2019-11-23  |y BK_R  |z Catalogado en:20150911  |k SSL 
952 |0 0  |1 0  |3 erb  |4 0  |6 346_830150000000000_QUI_2015  |7 0  |8 A  |9 470597  |a BIBDER  |b BIBDER  |i 5200407  |o 346.83015 QUI 2015  |p 5200407  |r 2023-01-25  |w 2019-11-23  |y BK  |z Catalogado en:20150928  |k DER 
952 |0 0  |1 0  |3 erb  |4 0  |6 346_830150000000000_QUI_2015  |7 0  |8 A  |9 470598  |a BIBDER  |b BIBDER  |i 5241596  |o 346.83015 QUI 2015  |p 5241596  |r 2023-01-25  |w 2019-11-23  |y BK  |z Catalogado en:20151009  |k DER 
952 |0 0  |1 0  |3 erb  |4 0  |6 346_830150000000000_QUI_2015  |7 0  |8 A  |9 470600  |a BIBDER  |b BIBDER  |i 5241618  |l 2  |o 346.83015 QUI 2015  |p 5241618  |r 2024-05-17  |s 2024-05-17  |w 2019-11-23  |y BK  |z Catalogado en:20151009  |k DER 
952 |0 0  |1 0  |3 erb  |4 0  |6 346_830150000000000_QUI_2015  |7 0  |8 X  |9 470601  |a FDOBUD  |b FDOBUD  |i 5303311  |o 346.83015 QUI 2015  |p 5303311  |r 2019-11-23  |w 2019-11-23  |y BK_X  |z Catalogado en:20160505  |k FHP